Normal view
MARC view
Entry Personal Name
001 - CONTROL NUMBER
- control field: 26311
003 - CONTROL NUMBER IDENTIFIER
- control field:
005 - DATE AND TIME OF LATEST TRANSACTION
- control field: 20260226073056.0
008 - FIXED-LENGTH DATA ELEMENTS
- fixed length control field: 260226|| aca||aabn | a|a d
040 ## - CATALOGING SOURCE
- Original cataloging agency:
- Transcribing agency:
100 ## - HEADING--PERSONAL NAME
- Personal name: Laudon, Jane P
670 ## - SOURCE DATA FOUND
- Source citation: Work cat.: ()13488: Laudon, Kenneth C. 8843, Management Information systems:, 2010.